Arrivederci in 15 lingue - Statistics

Statistiche generali
  • Questo quiz è stato fatto 170 volte
  • Il punteggio medio è 12 su 15
Statistiche sulle risposte
Hint Risposta % Corretto
Arrivederci Italiano
100%
Au revoir Francese
99%
Hasta la vista Spagnolo
99%
Auf Wiedersehen Tedesco
99%
さようなら Giapponese
98%
再见 Cinese
97%
Bye Inglese
97%
مع السلامة Arabo
93%
Adeus Portoghese
89%
안녕히 Coreano
88%
Doviđenja Russo
75%
Do zobaczenia Polacco
59%
Yasou Greco
43%
Alvida Hindi
32%
Na shledanou Ceco
26%
Nessun quiz corrispondente trovato
Distribuzione punteggi
Percentuale di utenti per punteggio
Percentile per numero di risposta
I tuoi punteggi nel tempo
Non hai fatto questo quiz